000 00449nam a2200181Ia 4500
001 8783
003 IN-NITTTR
005 20251114233041.0
008 251113s9999||||xx |||||||||||||| ||eng||
040 _beng
040 _cIN-NITTTR
041 _aeng
082 _a375 R272C
100 _aReid, William A.
245 0 _aCase studies in curriculum change /
_cReid, William A., Walker,Decker F.
700 _a Walker, Decker F.
942 _2ddc
_cBK
999 _c11420
_d11420